Implementación del sistema de producción de plantas de caña de azúcar para el establecimiento de semilleros básicos y comerciales: (Registro nro. 17672)
[ vista simple ]
| 000 -CABECERA | |
|---|---|
| Campo de control | 01382nam a22002531a 4500 |
| 005 - FECHA Y HORA DE LA ULTIMA TRANSACCION | |
| Campo de control | 20150813152655.0 |
| 008 - ELEMENTOS DE LONGITUD FIJA—INFORMACION GENERAL | |
| Campo de control | 150520s2014 ck r 000 0dspa d |
| 020 ## - ISBN | |
| ISBN | 9789587401929 |
| 040 ## - FUENTE DE CATALOGACIÓN | |
| Agencia catalogadora original | CO-BoIAVH |
| Agencia transcriptora | CO-BoIAVH |
| 041 0# - IDIOMA | |
| Código de idioma para texto/pista de sonido o título separado | Español |
| 044 ## - PAÍS DE PUBLICACIÓN | |
| País de publicación | Colombia |
| 082 #4 - NUMERO DE CLASIFICACION DECIMAL DEWEY | |
| Número de clasificación | 631.55 |
| Número del ítem | R17i |
| 100 1# - ASIENTO PRINCIPAL--NOMBRE PERSONAL | |
| Nombre personal | Ramírez Durán, Julio |
| 9 (RLIN) | 36891 |
| 245 10 - MENCION DE TITULO | |
| Título | Implementación del sistema de producción de plantas de caña de azúcar para el establecimiento de semilleros básicos y comerciales: |
| Parte restante del título | sistema productivo implementado en Corpoica, se Cimpa, con el acompañamiento técnico de Cenicaña en el marco de programa nacional de semillas / |
| Mención de responsabilidad | Julio Ramírez Durán, Magda Liliana Murcia Pardo... [et al] |
| 260 3# - PUBLICACION, DISTRIBUCION, ETC. (PIE DE IMPRENTA) | |
| Nombre del editor, distribuidor, etc. | Corpoica. |
| Lugar de publicación, distribución, etc. | Barbosa (Colombia): |
| Fecha de publicación, distribución, etc. | 2014. |
| 300 ## - DESCRIPCION FISICA | |
| Extensión | 24 p. |
| Otros detalles físicos | ilustaciones, fotografías, color, tablas. |
| Dimensiones | 24 cm. |
| 500 ## - NOTA GENERAL | |
| Nota general | Incluye lista de figuras. |
| 505 ## - NOTA DE CONTENIDO | |
| Nota de contenido | Programa nacional de semillas. Caso caña de azúcar para la producción de panela.<br/>Convenio de cooperación técnica entre Cenicaña y Corpoica.<br/>Producción de plantas para el establecimiento de semilleros básicos.<br/>Recomendaciones en el proceso de obtención de plantas. |
| 650 #6 - ASIENTO SECUNDARIO DE MATERIA - TERMINO TEMATICO | |
| Término temático o nombre geográfico como elemento de entrada | Caña de azúcar |
| Subdivisión general | producción |
| 9 (RLIN) | 36892 |
| 650 #6 - ASIENTO SECUNDARIO DE MATERIA - TERMINO TEMATICO | |
| Término temático o nombre geográfico como elemento de entrada | Caña de azúcar |
| Subdivisión general | Investigaciones |
| 9 (RLIN) | 36893 |
| 650 #6 - ASIENTO SECUNDARIO DE MATERIA - TERMINO TEMATICO | |
| Término temático o nombre geográfico como elemento de entrada | Caña de azúcar |
| Subdivisión general | Manejo |
| 9 (RLIN) | 36894 |
| 700 1# - ASIENTO SECUNDARIO - NOMBRE PERSONAL | |
| Nombre personal | Murcia Pardo, Magda Liliana |
| 9 (RLIN) | 36895 |
| 942 ## - ELEMENTOS ADICIONALES (KOHA) | |
| Sistema de clasificación | Dewey Decimal Classification |
| Tipo de ítem | Folleto |
| Withdrawn status | Lost status | Sistema de Clasificación | Damaged status | No para préstamo | Colección | Inventariado | Ubicación Permanente | Ubicación actual | Fecha de adquisición | Total Checkouts | Número topográfico | Inventario / Código de Barras | Date last seen | Ejemplar | Price effective from | Forma de adquisición | Tipo de material |
|---|---|---|---|---|---|---|---|---|---|---|---|---|---|---|---|---|---|
| Dewey Decimal Classification | General | Inventariado 2017 | Bogotá | Bogotá | 13/08/2015 | LB-631.55 R17i | 039184 | 13/08/2015 | Ej. 1 | 13/08/2015 | Canje | Folleto |